Маленький принц (Запись № 1454116)

Подробности
000 -МАРКЕР
контрольное поле 01273nam0a2200325 4500
001 - ИДЕНТИФИКАТОР ЗАПИСИ
контрольное поле RU\NLR\bibl\1749267
005 - ИДЕНТИФИКАТОР ВЕРСИИ
контрольное поле 20260406154930.0
010 ## - МЕЖДУНАРОДНЫЙ СТАНДАРТНЫЙ НОМЕР КНИГИ (ISBN)
Номер (ISBN) 978-5-699-47812-5
Тираж 15000
021 ## - НОМЕР ГОСУДАРСТВЕННОЙ РЕГИСТРАЦИИ
Код страны Российская Федерация
Номер 2011-10323
Номер Листа государственной регистраци 94д/11
021 ## - НОМЕР ГОСУДАРСТВЕННОЙ РЕГИСТРАЦИИ
Код страны Российская Федерация
Номер 2013-15868
Номер Листа государственной регистраци 88д/13
035 ## - ДРУГИЕ СИСТЕМНЫЕ НОМЕРА
Идентификатор записи (nilc)RSL-KNO-004904673
035 ## - ДРУГИЕ СИСТЕМНЫЕ НОМЕРА
Идентификатор записи (NLR Aleph) 001740135
100 ## - ДАННЫЕ ОБЩЕЙ ОБРАБОТКИ
Данные общей обработки 20110221d2011 |||y0rusy50 ca
101 1# - ЯЗЫК РЕСУРСА
Язык текста, звукозаписи и т.д. русский
Язык оригинала французский
102 ## - СТРАНА ПУБЛИКАЦИИ ИЛИ ПРОИЗВОДСТВА
Страна публикации Российская Федерация
105 ## - ПОЛЕ КОДИРОВАННЫХ ДАННЫХ: ТЕКСТОВЫЕ МАТЕРИАЛЫ, МОНОГРАФИЧЕСКИЕ
Кодированные данные о монографическом текстовом документе a |||||||||
200 1# - ЗАГЛАВИЕ И СВЕДЕНИЯ ОБ ОТВЕТСТВЕННОСТИ
Основное заглавие Маленький принц
Сведения, относящиеся к заглавию [для младшего школьного возраста]
Первые сведения об ответственности Антуан де Сент-Экзюпери
Последующие сведения об ответственности пер. [с фр.] Норы Галь
-- рис. авт.
210 ## - ПУБЛИКАЦИЯ, РАСПРОСТРАНЕНИЕ И ДР.
Место издания, распространения и т.д. Москва
Имя издателя, распространителя и т. д. Эксмо
Дата издания, распространения и т.д. 2011
215 ## - ФИЗИЧЕСКАЯ ХАРАКТЕРИСТИКА
Специфическое обозначение материала и объем 107, [4] с.
Другие сведения о физической характеристике цв. ил.
Размеры 22
225 1# - СЕРИЯ
Основное заглавие серии Книги - мои друзья
686 ## - ИНДЕКСЫ ДРУГИХ КЛАССИФИКАЦИЙ
Индекс Ш9(2)70(4Фр)
Код системы
700 #1 - ИМЯ ЛИЦА - ПЕРВИЧНАЯ ОТВЕТСТВЕННОСТЬ
Код отношения Автор
Материалы, к которым относится поле rus
Графика поля Кириллица
Начальный элемент ввода Сент-Экзюпери
Часть имени, кроме начального элемента ввода А. де
Даты 1900-1944
Расширение инициалов личного имени Антуан де
Идентификатор авторитетной/нормативной записи RU\NLR\auth\777344
Системный номер авторитетной/нормативной записи 117280
702 #1 - ИМЯ ЛИЦА - ВТОРИЧНАЯ ОТВЕТСТВЕННОСТЬ
Код отношения Карикатурист, Художник
Материалы, к которым относится поле rus
Графика поля Кириллица
Начальный элемент ввода Сент-Экзюпери
Часть имени, кроме начального элемента ввода А. де
Даты 1900-1944
Расширение инициалов личного имени Антуан де
Идентификатор авторитетной/нормативной записи RU\NLR\auth\777344
Системный номер авторитетной/нормативной записи 117280
801 #0 - ИСТОЧНИК ЗАПИСИ
Страна Российская Федерация
Организация RuMoRKP
Дата составления 20110221
Правила каталогизации rcr
801 #1 - ИСТОЧНИК ЗАПИСИ
Страна Российская Федерация
Организация RuMoRGB
Дата составления 20110221
801 #2 - ИСТОЧНИК ЗАПИСИ
Страна Российская Федерация
Организация NLR
Дата составления 20110322
Правила каталогизации rcr
942 ## - ДОПОЛНИТЕЛЬНЫЕ ЭЛЕМЕНТЫ ЗАПИСИ (АБИС)
Тип экземпляра АБИС Книга
980 ## - КОЛЛЕКЦИЯ
Название коллекции Национальная библиография
Экземпляры
Тип экземпляра Дата поступления Источник поступления Библиотека постоянного хранения Библиотека текущего хранения Место хранения Шифр хранения Штрих-код Статус экземпляра Стоимость Нумерация / хронология для периодики
Книга 22.03.2011 Обязательный экземпляр РНБ (Московский) РНБ (Московский) Русский книжный фонд: издания с 1957 года 2011-5/2390 3381023      
Книга 22.03.2011 Обязательный экземпляр РНБ (Московский) РНБ (Московский) Обменный фонд   3381026      
Книга 27.03.2013 Обязательный экземпляр РНБ (Московский) РНБ (Московский) Обменный фонд   3854588   80.00  
Книга 27.03.2013 Обязательный экземпляр РНБ (Московский) РНБ (Московский) Обменный фонд   3854589   80.00  
Книга 20.12.2013 Обязательный экземпляр РНБ (Московский) РНБ (Московский) Обменный фонд   1-12464   80.00  
Книга 20.12.2013 Обязательный экземпляр РНБ (Московский) РНБ (Московский) Обменный фонд   1-12465   80.00  
Книга 20.05.2015 Обязательный экземпляр РНБ (Московский) РНБ (Московский) Обменный фонд   1-970934   80.00 2015
Книга 20.05.2015 Обязательный экземпляр РНБ (Московский) РНБ (Московский) Обменный фонд   1-970938   80.00 2015
Книга 14.10.2015 Обязательный экземпляр РНБ (Московский) РНБ (Московский) Обменный фонд   1-1143023   75.00 2015
Книга 14.10.2015 Обязательный экземпляр РНБ (Московский) РНБ (Московский) Обменный фонд   1-1143027   80.00 2015